Origen y desarrollo de la ganadería patagónica: 1779-1810

-д хадгалсан:
Номзүйн дэлгэрэнгүй
Үндсэн зохиолч: Gorla, Carlos María (Зохиогч)
Формат: Ном
Хэл сонгох:испани
Хэвлэсэн: Buenos Aires FECIC 1983
Нөхцлүүд:
Шошгууд: Шошго нэмэх
Шошго байхгүй, Энэхүү баримтыг шошголох эхний хүн болох!

MARC

LEADER 00000nam a2200000 a 4500
001 UCX1731
003 CL-VaPUC
008 901025e19830000AG |||||||||||||||||spa|d
082 0 4 |a 982.76  |b GOR  |2 21 
100 0 |a Gorla, Carlos María  |e author  |9 317377 
245 1 0 |a Origen y desarrollo de la ganadería patagónica: 1779-1810 
300 |a 181 p 
942 |c BK 
945 |d 19901025 00:00:00 
260 |a Buenos Aires  |b FECIC  |c 1983 
650 0 |a Ganadería  |9 264177 
650 0 |a Historia  |9 255047 
650 0 |a Araucanos   |x Guerras   |9 317378 
651 7 |a PATAGONIA, ARGENTINA  |2 CL-VaPUC  |9 317379 
583 |a last modification  |c 19901025 00:00:00  |k Rodrigo Vera 
999 |c 222900  |d 222898 
952 |0 0  |1 0  |4 0  |6 982_760000000000000_GOR_1983  |7 0  |8 A  |9 218196  |a BIBHIS  |b BIBHIS  |d 2019-11-15  |i 2870339  |o 982.76 GOR 1983  |p 2870339  |r 2025-01-20  |w 2019-11-15  |y BK  |k HIS